000 00759nam a2200265 i 4500
001 C2-0246830
003 PPAK
005 20180727211516.0
008 030325s2000 enka|||| ||||| | eng d
020 _a0751329460
040 _aPPAK
_beng
_cPPAK
_erda
082 0 4 _a428.6
_223
090 0 0 _a428.6
_bHOO
_dK
100 1 _aHooper, Meredith,
_eauthor
245 1 0 _aAntarctic adventure :
_bexploring the frozen South
264 1 _aLondon :
_bDorling Kindersley ,
_c2000
300 _a48 pages :
_bcolour illustrations ;
_c23 cm
336 _2rdacontent
_atext
337 _2rdamedia
_aunmediated
338 _2rdacarrier
_avolume
490 1 _aDorling Kindersley readers
650 1 0 _aReaders
830 0 _aDorling Kindersley readers
942 _ddc
_cB
999 _c60730
_d60730